000 00467nmm a2200157Ia 4500
008 251105s9999||||xx |||||||||||||||||und||
020 _a9781646996025
041 _aspa
100 _aTuan, Laura
245 0 _aEl gran libro de los nombres en 5 idiomas
264 _a[Madrid, España] :
_bDe Vecchi,
_c[Fecha de publicación no identificada]
300 _a0 páginas
650 _aFamily
856 _uhttps://public.digitaliapublishing.com/a/122841
942 _cCF
999 _c75317
_d75317